000 00278nam a22001337a 4500
008 170613b xxu||||| |||| 00| 0 eng d
020 _a067492097-X
041 _aeng
080 _a32
100 _a19
101 _aSHP
245 _aUNFREE LABOR
_cKOLCHIN,P
942 _2udc
_cBK
999 _c17169
_d17169